Подробности
| 000 -МАРКЕР |
| контрольное поле |
01798nam0a22003251 4500 |
| 001 - ИДЕНТИФИКАТОР ЗАПИСИ |
| контрольное поле |
rc\2211936 |
| 005 - ИДЕНТИФИКАТОР ВЕРСИИ |
| контрольное поле |
20250623061323.0 |
| 035 ## - ДРУГИЕ СИСТЕМНЫЕ НОМЕРА |
| Идентификатор записи |
(NLR Aleph) 006620057 |
| 100 ## - ДАННЫЕ ОБЩЕЙ ОБРАБОТКИ |
| Данные общей обработки |
20110829d1979 |||y0rusy50 ca |
| 101 1# - ЯЗЫК РЕСУРСА |
| Язык текста, звукозаписи и т.д. |
русский |
| Язык оригинала |
румынский |
| -- |
венгерский |
| -- |
немецкий |
| 102 ## - СТРАНА ПУБЛИКАЦИИ ИЛИ ПРОИЗВОДСТВА |
| Страна публикации |
Российская Федерация |
| 105 ## - ПОЛЕ КОДИРОВАННЫХ ДАННЫХ: ТЕКСТОВЫЕ МАТЕРИАЛЫ, МОНОГРАФИЧЕСКИЕ |
| Кодированные данные о монографическом текстовом документе |
y z ||||| |
| 200 1# - ЗАГЛАВИЕ И СВЕДЕНИЯ ОБ ОТВЕТСТВЕННОСТИ |
| Основное заглавие |
Поэзия современной Румынии |
| Сведения, относящиеся к заглавию |
[Сборник] |
| -- |
Пер. с рум., венг., нем. |
| Первые сведения об ответственности |
[Сост. и ред. К. Ковальджи, Ю. Кожевникова |
| Последующие сведения об ответственности |
Вступ. статья, с. 5-20, и статьи об авт. Ю. Кожевникова] |
| 210 ## - ПУБЛИКАЦИЯ, РАСПРОСТРАНЕНИЕ И ДР. |
| Место издания, распространения и т.д. |
Москва |
| Имя издателя, распространителя и т. д. |
Худож. лит. |
| Дата издания, распространения и т.д. |
1979 |
| 215 ## - ФИЗИЧЕСКАЯ ХАРАКТЕРИСТИКА |
| Специфическое обозначение материала и объем |
335 с. |
| Размеры |
20 |
| 225 1# - СЕРИЯ |
| Основное заглавие серии |
Библиотека литературы СРР |
| 300 ## - ОБЩИЕ ПРИМЕЧАНИЯ |
| Текст примечания |
Редкол. сер.: К.И. Бонецкий и др. |
| 327 0# - ПРИМЕЧАНИЯ О СОДЕРЖАНИИ |
| Текст примечания |
Авт.: Т. Аргези, Д. Баковия, В. Войкулеску, Д. Ботез, Л. Блага, А. Маргул-Шпербер, А. Филиппиде, К. Балтазар, З. Станку, М. Бреслашу, и др. |
| 464 #0 - АНАЛИТИЧЕСКИЙ УРОВЕНЬ |
| Встроенное поле |
701#1$aАргези$bТ. |
| -- |
701#1$aБаковия$bД.$f1881-1957$gДжордже$3RU\NLR\AUTH\770267461 |
| -- |
701#1$aВойкулеску$bВ. |
| -- |
701#1$aБотез$bД. |
| -- |
701#1$aБлага$bЛ. |
| -- |
701#1$aМаргул-Шпербер$bА.$6z01790 |
| -- |
701#1$aФилиппиде$bА. |
| -- |
701#1$aБалтазар$bК. |
| -- |
701#1$aСтанку$bЗ. |
| -- |
701#1$aБреслашу$bМ. |
| 702 #1 - ИМЯ ЛИЦА - ВТОРИЧНАЯ ОТВЕТСТВЕННОСТЬ |
| Начальный элемент ввода |
Кожевникова |
| Часть имени, кроме начального элемента ввода |
Ю. |
| Код отношения |
Составитель |
| -- |
Автор введения, предисловия, примечания и т.п. |
| 702 #1 - ИМЯ ЛИЦА - ВТОРИЧНАЯ ОТВЕТСТВЕННОСТЬ |
| Начальный элемент ввода |
Ковальджи |
| Часть имени, кроме начального элемента ввода |
К.В. |
| Расширение инициалов личного имени |
Кирилл Владимирович |
| Код отношения |
Составитель |
| -- |
Редактор |
| 801 #0 - ИСТОЧНИК ЗАПИСИ |
| Страна |
Российская Федерация |
| Организация |
NLR |
| Правила каталогизации |
psbo |
| 801 #1 - ИСТОЧНИК ЗАПИСИ |
| Страна |
Российская Федерация |
| Организация |
ELAR |
| Источник данных |
rusmarc |
| 852 ## - МЕСТОНАХОЖДЕНИЕ И ШИФР ХРАНЕНИЯ |
| Идентификатор организации |
NLR |
| Шифр хранения (Call Number) |
80-3/2610 |
| 899 ## - ДАННЫЕ О МЕСТОНАХОЖДЕНИИ (устаревшее) |
| Местонахождение |
RuMoRGB |
| Шифр хранения |
B 80-18/118 |
| 899 ## - ДАННЫЕ О МЕСТОНАХОЖДЕНИИ (устаревшее) |
| Местонахождение |
RuMoRGB |
| Шифр хранения |
B 80-18/119 |
| 942 ## - ДОПОЛНИТЕЛЬНЫЕ ЭЛЕМЕНТЫ ЗАПИСИ (АБИС) |
| Тип экземпляра АБИС |
Книга |
| 980 ## - КОЛЛЕКЦИЯ |
| Название коллекции |
Национальная библиография |